Chrysanthemums indoors /

Bibliographic Details
Main Author: Bayles, Vera Todd
Format: Book
Language:English
Published: New York : Hearthside Press, [1960]
Subjects:

MARC

Tag First Indicator Second Indicator Subfields
LEADER 00000cam a2200000 4500
001 in00000026334
005 20151007061235.0
008 750409s1960 nyua 00000 eng u
010 |a  60012959  
035 |a (OCoLC)01262707 
035 |9 AAD1528AM 
040 |c ORL  |d TXA  |d UtOrBLW 
049 |a TXAM  |c [239098] 
050 0 0 |a SB449  |b .B3 1960 
092 |a 635.9663  |b B358c, 1960 
100 1 |a Bayles, Vera Todd. 
245 1 0 |a Chrysanthemums indoors /  |c All arrangements by the author except plates 29 and 45. 
264 1 |a New York :  |b Hearthside Press,  |c [1960] 
300 |a 92 pages :  |b illustrations ;  |c 24 cm. 
336 |a text  |b txt  |2 rdacontent 
337 |a unmediated  |b n  |2 rdamedia 
338 |a volume  |b nc  |2 rdacarrier 
650 0 |a Flower arrangement. 
650 0 |a Chrysanthemums. 
999 |a MARS 
999 f f |s b710f773-d53d-3d77-b9c0-64841c9a9cde  |i 3b768e95-9e92-3e0e-a1e7-369c565b3eee  |t 0 
952 f f |p ric  |a Texas A&M University  |b Rellis Campus  |c Joint Library Facility  |d Remote Storage  |t 0  |e SB449 .B3 1960  |h Library of Congress classification  |i unmediated -- volume  |m A14801085937 
998 f f |a SB449 .B3 1960  |t 0  |l Remote Storage